| 000 | 00578nam a2200193Ia 4500 | ||
|---|---|---|---|
| 005 | 20250508155414.0 | ||
| 008 | 008 250505s9999 xx 000 0 eng d | ||
| 037 | _aBooks to be hide in OPAC | ||
| 040 |
_aFEDL _beng _cFEDL |
||
| 041 |
_aeng _2eng |
||
| 084 |
_a372.95479, BOM _qFEDL |
||
| 245 | 0 | _aBombay act No. Lxi of 1947 the Bombay primary education act, 1947 | |
| 245 | 0 | _cGovernment of Bombay | |
| 260 | _c1952 | ||
| 300 | _a2580p. | ||
| 546 | _aA modified up to the 1st November 1951 | ||
| 942 |
_cHB _h372.95479, BOM |
||
| 999 |
_c1356546 _d1356546 |
||